01325nam a2200325 a 4500001001000000003000900010005001700019007001000036008004100046040002200087082001900109100004400128245007900172260005100251300002800302490002400330500004300354650003400397650002600431700003000457830002400487910003900511942001200550945003300562952011300595952011700708952012100825956003800946999001500984000012078DO-SdBNP20180404085705.0000012078091104s1989 dr a 000 f spa d aBPMSUbspacBPMSU aRD863.3bG182e1 aGalván, Manuel de Jesús,d1834-191010aEnriquillo /cManuel de Jesús Galván ; presentación Avelino Stanley  aSanto Domingo :bEdiciones Dominicana c[190?] a132 p. :bil. ;c21 cm.1 aBiblioteca Susaeta  aIncluye apéndice y notas: p. 459-466 4aNOVELA HISTÓRICA DOMINICANA 4aLITERATURA DOMINICANA epres. dStanley, Avelino  vBiblioteca Susaeta  aValidado. Control de calidad BNPHU 2ddccBK aTitulo remanejado para BNPHU 00102ddc40708CDaBPMETbBPMETd2015-01-23l0oRD863.3 G182epBPMSU15040716r2015-01-23w2015-01-23yBK 00102ddc40708CDaBPMETbBPMETd2015-01-23l0oRD863.3 G182epBPMSU15040717r2015-01-23te.2w2015-01-23yBK 00102ddc40708CDaBPMETbBPMETd2015-03-02l0oRD863.3 G182epBPMSU15040718r2015-03-02tej. 3w2015-03-02yBK aVMATEOb10c20151002lBPMSUh0069 c7216d7216